Statistics for China Country Profile Quiz

Click here to take the quiz!

General Stats

  • This quiz has been taken 2,058 times
    (2,056 since last reset)
  • The average score is 21 of 30

Answer Stats

HintAnswer% Correct
CapitalBeijing
99%
Official LanguageMandarin Chinese
98%
In mainland China, they drive on this side of the roadRight
92%
Former British colony with a high standard of livingHong Kong
91%
Border CountryRussia
84%
Border CountryMongolia
82%
Famous for this large animalPanda
82%
Border CountryIndia
81%
Former Portuguese colony, now a gambing meccaMacau
81%
Border CountryNorth Korea
81%
Border CountryVietnam
79%
Border CountryNepal
78%
Border CountryLaos
75%
Border CountryPakistan
73%
CurrencyRenminbi (yuan)
73%
Border CountryKazakhstan
72%
Hosted the Summer Olympic Games in this year2008
71%
Border CountryBurma
71%
Border CountryBhutan
68%
Border CountryAfghanistan
67%
Mountainous region bordering NepalTibet
67%
Largest Ethnic GroupHan Chinese
64%
Border CountryTajikistan
63%
Border CountryKyrgyzstan
62%
Internet domain code.cn
58%
Most famous Chinese basketball playerYao Ming
53%
Gigantic dam on the Yangtze RiverThree Gorges Dam
41%
This man is credited with instituting economic reforms in 1978Deng Xiaoping
40%
The capital of Heilongjiang Province in northeastern China has a large Russian populationHarbin
38%
Type of meal where food is cooked in broth in the center of the tableHot pot
33%

Score Distribution

Percentile by Number Answered

Percent of People with Each Score

Your Score History

You have not taken this quiz since the last reset